000 00681nam a2200229 a 4500
001 BRCA_4244
005 20190320204611.0
008 140610s1918----gw-a######---#000-0#ger-#
041 _ager
044 _agw
050 4 _aDB71
_b.K73 1918
100 1 _aKraft, Zdenka von
_910938
245 1 0 _aMaria Theresia
_bGeschichtlicher Roman von
_cZdenka von Kraft.
260 _aBerlín, Alemania
_bVerlag von Rich
_c1918
300 _a338 p.
_bil., retratos
_c22 cm.
440 0 _aRomane berühmter manneru Frauen
_910939
500 _aAM56
600 1 4 _aMaría Teresa
_cEmperatriz de Austria
_d1717-1780
_910940
650 1 4 _aNovela histórica
_910941
902 _aGFM
942 _2lcc
_cB
999 _c3955
_d3955